Vytváření a využití registru jednotek zjišťování v čs. statistice.

Register organizácií ako nepostrádateľný nástroj pri špecifikovaní súboru spravodajských jednotiek. Koncepcia registra jednotiek zisťovania. Zmeny obsahu registra organizácií. Obsah a štruktúra registra závodov. Tvorba východiskovej báze registra zisťovania, koncepcia decentralizovaného registra a v...

Full description

Saved in:
Bibliographic Details
Main Author: Petrikovits, Ebbo
Format: Book Chapter
Language:Czech
Subjects:
Tags: Add Tag
No Tags, Be the first to tag this record!

MARC

LEADER 00000naa a2200000 4500
001 r007434
005 20220831091024.4
041 0 |a cze 
044 |a [CS] 
245 1 0 |a Vytváření a využití registru jednotek zjišťování v čs. statistice.  |c Ebbo Petrikovits 
520 |a Register organizácií ako nepostrádateľný nástroj pri špecifikovaní súboru spravodajských jednotiek. Koncepcia registra jednotiek zisťovania. Zmeny obsahu registra organizácií. Obsah a štruktúra registra závodov. Tvorba východiskovej báze registra zisťovania, koncepcia decentralizovaného registra a využívanie registra. 
610 2 0 |a registre 
610 2 0 |a jednotky štatistické 
610 2 0 |a zisťovanie štatistické 
610 2 0 |a koncepcie 
100 1 |a Petrikovits, Ebbo